000 01428nam a22003374a 4500
001 ebr10044064
003 CaPaEBR
006 m u
007 cr cn|||||||||
008 000612s2001 nyua sb 001 0 eng
010 _z 00055687
020 _z0333801229
040 _aCaPaEBR
_cCaPaEBR
035 _a(OCoLC)559772124
050 1 4 _aHC244.5
_b.E523 2001eb
082 0 4 _a330.94
_221
245 0 0 _aEconomic transformation, democratization, and integration into the European Union
_h[electronic resource] :
_bsouthern Europe in comparative perspective /
_cedited by Heather D. Gibson.
260 _aNew York :
_bPalgrave,
_c2001.
300 _axviii, 360 p. :
_bill.
504 _aIncludes bibliographical references and index.
533 _aElectronic reproduction.
_bPalo Alto, Calif. :
_cebrary,
_d2013.
_nAvailable via World Wide Web.
_nAccess may be limited to ebrary affiliated libraries.
610 2 0 _aEuropean Union
_zEurope, Southern.
651 0 _aEurope, Southern
_xEconomic conditions.
651 0 _aEurope, Southern
_xEconomic policy.
651 0 _aEurope, Southern
_xEconomic integration.
651 0 _aEurope, Southern
_xPolitics and government.
655 7 _aElectronic books.
_2local
700 1 _aGibson, Heather D.,
_d1961-
710 2 _aebrary, Inc.
856 4 0 _uhttp://site.ebrary.com/lib/rucke/Doc?id=10044064
_zAn electronic book accessible through the World Wide Web; click to view
999 _c75029
_d75029